000 00192 a2200097 4500
020 _a9788434825567
041 _aspa
100 _aCarvajal,Francisco
245 _aEl Circo de Paco
942 _cBK
999 _c31744
_d31742